000 00792nam a22002177a 4500
003 OSt
005 20250819160910.0
008 241009b |||||||| |||| 00| 0 eng d
040 _c0
082 _aDPer 613.705 J826 January-December 2020 v. 91 n. 1-9
100 _aSawyer, Tonya L.
_eauthor.
_962613
245 _aClass action suit seeking equal rights for female swimmers /
_cTonya L. Sawyer.
260 _aVirginia ;
_bAmerican Alliance for Health ,
_cApril 2020.
300 _aVolume 91, pages 49-51,
_billustration.
500 _aThe Journal of Physical Education Recreation & Dance, vol. 91, no. 4, pages 49-51, April 2020.
650 0 _aLaw.
_937104
650 0 _aSwimming.
_951464
650 0 _aFemale.
_965357
700 _aSawyer, Tonya L.
_eauthor.
_962613
942 _2ddc
_cPER
999 _c22388
_d22388